[Event "New Delhi AAI"]
[Site "New Delhi"]
[Date "2011.06.29"]
[Round "7"]
[White "So, Wesley"]
[Black "Laznicka, Viktor"]
[Result "1-0"]
[WhiteElo "2667"]
[BlackElo "2681"]
[Annotator "Stohl,I"]
[PlyCount "61"]
[EventDate "2011.06.22"]
[EventType "tourn"]
[EventRounds "10"]
[EventCountry "IND"]
[EventCategory "17"]
[SourceTitle "CBM 143"]
[Source "ChessBase"]
[SourceDate "2011.07.15"]
[SourceVersion "1"]
[SourceVersionDate "2011.07.15"]
[SourceQuality "1"]

1. d4 d5 2. c4 e6 3. Nc3 Be7 {Introduced by Geller, this move aims to clarify
White's intentions, concerning the development of the Bc1 and Ng1.} 4. cxd5 {
White doesn't commit his N yet.} ({Transposing to a Carlsbad structure
immediately is certainly more ambitious than} 4. Nf3 Nf6 5. cxd5 (5. Bf4 O-O 6.
e3 {-D37 is another topical and well-explored line, here} Nbd7 {currently has
a good reputation for Black.}) 5... exd5 6. Qc2 c5 $5 7. Bg5 cxd4 8. Nxd4 Nc6
9. Rd1 O-O 10. e3 Be6 11. Be2 Rc8 12. Nf5 h6 13. Bh4 Re8 14. Nxe7+ Qxe7 15. O-O
g5 16. Bg3 Ne4 17. Qb1 Nxg3 18. hxg3 Red8 19. Nb5 d4 20. Nxd4 Nxd4 21. exd4 Qf6
22. Bf3 {1/2,Grischuk,A (2747)-Aronian,L (2808)/Kazan Candidates/2011/}) 4...
exd5 5. Bf4 c6 ({Another complex and interesting branch is} 5... Nf6 6. e3 Bf5
7. Qb3 (7. Nf3 {is too tame:} O-O 8. h3 c6 9. Bd3 Bxd3 10. Qxd3 Nbd7 11. O-O
Re8 12. Rab1 a5 13. Qc2 Nb6 14. b3 Bd6 15. Ne5 Qe7 16. Nd3 Bxf4 17. Nxf4 Ne4
18. Nxe4 Qxe4 19. Qxe4 Rxe4 20. Nd3 Re7 21. Nc5 Nc8 22. Nd3 Nd6 $11 {Fressinet,
L (2677)-Gustafsson,J (2646)/Oberhof/2011/}) ({However, an interesting plan is
} 7. Nge2 $5 O-O 8. Rc1 c6 9. Ng3 Bg6 10. h4 h6 11. h5 Bh7 12. Bd3 Bxd3 13.
Qxd3 Bd6 14. Bxd6 Qxd6 15. Nf5 Qe6 16. f3 Nbd7 17. Kf2 Rfe8 18. g4 Nh7 19. Na4
b6 20. Nc3 Ndf6 21. Ne2 Ng5 22. Nf4 Qd7 23. Qa3 a5 24. Rc2 Rad8 25. Rhc1 $16 {
Krush,I (2455)-Kaidanov,G (2577)/USA-ch Saint Louis/2010/}) 7... Nc6 8. g4 $5
Nxg4 9. Qxd5 Qc8 (9... Qxd5 10. Nxd5 Bb4+ 11. Nxb4 Nxb4 12. Rc1 c6 13. a3 Nd5
14. h3 Ngf6 15. Be5 Nd7 $132 16. Bh2 $2 {Krush,I (2472)-Zatonskih,A (2499)/
Saint Louis rpd plof/2011/} Nxe3 $1 17. fxe3 Be4 $15) 10. Qg2 O-O 11. e4 Bxe4
12. Nxe4 Bb4+ 13. Nc3 Qf5 14. Be2 h5 $1 $44 (14... Rfe8 15. Kf1 Nf6 16. Bh6 g6
17. Qg5 Nxd4 18. Rd1 Bxc3 19. bxc3 Ne4 20. Qxf5 Nxf5 21. Bd2 Rad8 22. Be1 Rxd1
23. Bxd1 Re5 24. Nf3 $16 {Aronian,L (2808)-Kramnik,V (2785)/Monte Carlo
blindfold rpd/2011/})) 6. Qc2 {All the rage today, mainly thanks to efforts of
Kasparov, Anand, Carlsen and other top GMs.} ({Botvinnik's contribution was} 6.
e3 Bf5 7. g4 $5 ({Even here the plan from Krush-Kaidanov as above is
interesting:} 7. Nge2 Nd7 8. Ng3 Bg6 9. Be2 Nb6 10. Rc1 Nf6 11. h4 h6 12. h5
Bh7 13. Bd3 Bxd3 14. Qxd3 O-O 15. Nf5 Re8 16. f3 Bf8 17. Kf2 $13 {1/2,Grischuk,
A (2747)-Aronian,L (2808)/Kazan Candidates/2011/}) (7. Bd3 Bxd3 8. Qxd3 Nf6 9.
Nge2 Nh5 10. Bxb8 Rxb8 11. f3 O-O 12. O-O f5 13. a3 a6 14. b4 Qd7 15. Rae1 Rbe8
16. Nc1 a5 17. bxa5 Bxa3 18. Nxd5 Bxc1 19. Nb6 Qe6 20. Rxc1 Qxe3+ 21. Qxe3 Rxe3
22. d5 cxd5 23. Nxd5 Re5 24. Rfd1 Nf6 $11 {Nakamura,H (2774)-Ponomariov,R 
(2754)/Saint Louis m/2011/}) {and this line is played even nowadays:} 7... Be6
8. Bd3 Nd7 9. h3 g5 (9... h5 $5 10. gxh5 Ndf6 11. h6 Nxh6 12. Qc2 Nh5 13. Be5
f6 14. Bh2 Bd6 15. Bg6+ Bf7 16. Nf3 Bxg6 17. Qxg6+ Nf7 18. Nh4 Bxh2 19. Rxh2
Qc7 20. Nf3 O-O-O 21. Qg4+ Kb8 22. h4 Nd6 23. O-O-O f5 $15 {Botvinnik,
M-Petrosian,T/WCh Moscow/1963/}) 10. Be5 ({A strange novelty, but even the
natural} 10. Bg3 h5 $132 {is unclear.}) 10... Nxe5 11. dxe5 d4 (11... h5 $5 {/\
} 12. gxh5 Qc7) 12. exd4 Qxd4 13. Nf3 Qf4 14. Be4 Bb4 15. Qd4 Bxc3+ 16. bxc3 h5
17. gxh5 Rd8 18. Qe3 Qxe3+ 19. fxe3 Rxh5 20. Rg1 Bd5 21. Nxg5 Bxe4 22. Nxe4 Ke7
23. Rd1 Rxd1+ 24. Kxd1 Rxe5 25. Rxg8 Rxe4 26. Rb8 $132 {Navara,D (2702)
-Riazantsev,A (2679)/FRA-chT Mulhouse/2011/}) 6... Nf6 ({After} 6... g6 7. e3
Bf5 {Black develops his Bc8, but the N is still on g1 and White can harrass it
with} 8. Qd2 $1 {A classical example is} Nd7 9. f3 Nb6 10. e4 Be6 11. e5 {()>>}
h5 12. Bd3 Qd7 13. b3 Bh4+ 14. g3 Be7 15. Kf2 Bf5 16. Bf1 Kf8 17. Kg2 a5 18. a3
Qd8 19. Nh3 Bxh3+ 20. Kxh3 Kg7 21. Kg2 Nd7 22. Bd3 Nf8 23. Be3 Ne6 24. Ne2 $36
{Karpov,A (2705)-Kasparov,G (2740)/WCh London/Leningrad/1986/}) ({A popular
move is} 6... Bd6 {, but I don't quite believe losing a tempo to exchange a
potentially good B should equalise too easily:} 7. Bxd6 (7. Nxd5 {leads to
boring equality after} Be6 8. Bxd6 Qxd6 9. Nc3 Qxd4 10. Nf3 Qc5 11. e3 Nf6 12.
Rd1 O-O 13. Nd4 Bg4 14. Rd2 Nbd7 $11 {Schulze,G (2124)-Schlemmer,H (2091)/corr/
2004/}) 7... Qxd6 8. e3 Ne7 (8... Qg6 9. Qxg6 hxg6 10. b4 a6 $6 11. f3 Nd7 12.
Bd3 Ne7 13. Nge2 g5 14. Kf2 Nf6 15. g4 Kd8 16. Kg3 Bd7 17. a4 Nc8 18. h3 Re8
19. Kf2 Nd6 20. a5 Re7 21. Rac1 Nfe8 22. Ng3 g6 23. h4 gxh4 24. Rxh4 $16 {
Nakamura,H (2774)-Ponomariov,R (2754)/Saint Louis m/2011/}) 9. Bd3 b6 (9... Nd7
10. Nge2 h6 11. O-O O-O 12. a3 a5 13. Rad1 b6 14. e4 dxe4 15. Nxe4 Qb8 16. N2c3
Ba6 17. Bxa6 Rxa6 18. d5 Nxd5 19. Nxd5 cxd5 20. Rxd5 Ra7 21. Qd2 $40 Nc5 22.
Nf6+ $1 $18 {Kasparov,G (2812)-Karpov,A (2619)/Valencia rpd m/2009/}) (9... g6
10. f3 Nd7 11. Nge2 O-O 12. O-O c5 13. Qd2 a6 14. Rad1 cxd4 15. exd4 Nf6 16. g4
Kg7 17. Qf4 Rd8 18. Rfe1 b5 19. Qxd6 Rxd6 20. Nf4 Kf8 21. h4 Bd7 22. Kf2 Ne8
23. Rc1 Rc8 24. a3 Nc7 25. Nce2 Rb6 26. Rc5 $16 {Kasparov,G (2812)-Karpov,A 
(2619)/Valencia rpd m/2009/}) 10. Nf3 (10. Nge2 Ba6 11. O-O Bxd3 12. Qxd3 O-O
13. f3 Nd7 14. Rad1 f5 15. Ng3 Rae8 16. e4 fxe4 17. fxe4 Rxf1+ 18. Rxf1 Rf8 19.
Re1 h6 20. e5 Qb4 21. Re2 c5 $132 {Anand,V (2788)-Jakovenko,D (2736)/Moscow
blitz/2009/}) 10... Ba6 11. O-O Bxd3 12. Qxd3 Nd7 13. e4 O-O 14. e5 Qe6 15.
Rae1 Rfe8 (15... f6 $142 $14 {/<=>}) 16. Nh4 Ng6 17. Nxg6 Qxg6 18. Qd2 Nf8 19.
f4 Qf5 20. Nd1 f6 21. Ne3 Qd7 22. Qd3 fxe5 23. dxe5 Ne6 24. f5 $16 {Carlsen,M 
(2772)-Jakovenko,D (2742)/Nanjing/2009/ For more details see the notes by
Krasenkow in CBM 133.}) (6... Bg4 7. e3 (7. f3 Bh5 8. O-O-O Nf6 9. e4 Bg6 10.
Bd3 O-O 11. e5 {Shirov,A (2580)-Spraggett,K (2540)/Manila izt/1990/} Bxd3 12.
Qxd3 Ne8 13. Be3 Na6 14. f4 Nb4 15. Qb1 f5 $10 {Ftacnik}) 7... Bh5 8. Bd3 Bg6
9. Bxg6 $5 hxg6 10. O-O-O Nf6 11. f3 Nbd7 12. Nge2 b5 13. e4 b4 14. Na4 dxe4
15. fxe4 Qa5 16. Kb1 O-O 17. h4 Rfe8 18. e5 Nd5 19. h5 g5 20. h6 g6 21. Bc1 $16
{->,Carlsen,M (2815)-Nakamura,H (2774)/Medias/2011/}) 7. e3 (7. Nf3 g6 8. e3
Bf5 $11 {solves Black's opening problems. A well-known older example, quoted
also in Kasparov's Great Predecessors series, went} 9. Bd3 Bxd3 10. Qxd3 Nbd7
11. Bh6 Ng4 12. Bf4 O-O 13. O-O Re8 14. h3 Ngf6 15. Ne5 Nb6 16. Bg5 Ne4 17.
Bxe7 Qxe7 18. Qc2 Nd6 19. Na4 Nbc4 20. Nxc4 Nxc4 21. Nc5 Nd6 22. Rac1 Qg5 23.
Qd1 h5 24. Kh1 Re7 25. Nd3 Ne4 26. Nc5 Nd6 27. Nd3 Qf5 28. Ne5 f6 29. Nf3 Rg7
30. Nh2 Re8 31. Kg1 Ne4 32. Qf3 Qe6 33. Rfd1 g5 $1 34. Qxh5 f5 $40 {Bobotsov,M
(2455)-Petrosian,T (2645)/Lugano olm/1968/}) 7... Nh5 $5 {A sharp try to win
the ^^ and change the character of the fight. Otherwise the resulting Carlsbad
structure is more pleasant for White:} (7... Nbd7 8. h3 O-O 9. Bd3 Re8 10. Nf3
Nf8 11. O-O Bd6 12. Bxd6 Qxd6 13. Rab1 a5 14. a3 Be6 15. Na4 N6d7 16. b4 axb4
17. axb4 b5 18. Nc5 Nb6 19. Ra1 f6 20. Qc3 Bf7 21. Rxa8 Rxa8 22. Ra1 Qb8 23.
Nd2 Nc4 24. Ndb3 Ra7 25. e4 $14 {/=,Anand,V (2788)-Karpov,A (2619)/Corsica rpd
m/2009/}) (7... O-O 8. Bd3 Re8 9. Nf3 Nbd7 10. O-O-O $5 (10. h3 Nf8 11. O-O {
- see Anand-Karpov above}) 10... Nf8 11. h3 Be6 12. Kb1 Rc8 13. Ng5 b5 14. Be5
h6 15. Nxe6 Nxe6 16. g4 Nd7 17. h4 b4 18. Ne2 Bxh4 19. f4 c5 20. Ba6 Be7 21.
Bxc8 Qxc8 22. Ng3 f6 23. Rxh6 $1 Nef8 24. Rh3 c4 25. Nf5 fxe5 26. fxe5 $40 {
Timman,J (2585)-Karpov,A (2725)/Bugojno/1978/}) 8. Be5 {The only way to fight
for an edge.} (8. Bg3 Nd7 (8... g6 9. Bd3 Be6 10. Nge2 Nd7 11. Nf4 Nxf4 12.
Bxf4 Nf6 13. h3 Nh5 14. Be5 f6 15. Bh2 Bd6 16. Bxd6 Qxd6 17. g4 Ng7 18. O-O-O
f5 19. f3 O-O-O 20. Kb1 Kb8 21. Qg2 Rhe8 22. Rhe1 f4 23. e4 dxe4 24. Bxe4 Bc4
25. Qf2 Ne6 26. d5 $14 {Spirin,O (2430)-Novosadova,K (2034)/Teplice/2008/}) 9.
Bd3 Nxg3 $5 (9... g6 10. Nge2 (10. O-O-O O-O 11. Nf3 Nxg3 12. hxg3 Bf6 13. e4
Bg7 14. exd5 cxd5 15. Nxd5 Nb6 16. Nf4 Bd7 17. Kb1 Rc8 18. Qd2 Nc4 19. Bxc4
Rxc4 $44 {Aleksandrov,A (2601)-Jobava,B (2650)/Moscow op/2007/}) 10... O-O (
10... Nxg3 $5 11. hxg3 Nf6 $13) 11. Nf4 Ndf6 12. O-O-O Re8 13. Nxh5 Nxh5 14.
Be5 Bd6 15. Bxd6 Qxd6 16. h3 Bd7 17. g4 Nf6 18. Kb1 Re7 19. Ka1 Rae8 20. Rc1
Bc8 21. g5 Nh5 22. Be2 Ng7 23. h4 Bf5 24. Qa4 a6 25. Qd1 Ne6 26. Bd3 Bxd3 27.
Qxd3 Ng7 $11 {Zhou Jianchao (2650)-Liang Chong (2502)/CHN-chT/2010/}) 10. hxg3
Nf6 11. Nf3 g6 12. O-O-O Qd6 13. Kb1 Be6 14. Ng5 O-O-O 15. Na4 Ng4 16. Nxe6
Qxe6 17. Rd2 h5 18. Ka1 Kb8 19. Rb1 Bb4 20. Nc5 Qe7 21. Rdd1 Bxc5 22. dxc5 h4
$36 {Pacher,M (2399)-Likavsky,T (2466)/SVK-chT/2011/}) 8... Nd7 9. Be2 Nxe5 {
Black is also consistent and goes for the critical continuation. If White
retains the B, he gets an edge.} (9... Nhf6 10. Bg3 O-O 11. Nf3 b6 12. O-O Bb7
13. Rfd1 Re8 14. a3 a5 15. Ne5 Rc8 16. Bf3 b5 17. b3 Nf8 {Shishkov,A (2403)
-Volodin,A (2401)/Rakvere/2009/} 18. Nd3 Ne6 19. h3 $14) 10. dxe5 g6 11. Bxh5 {
Breaking up the >> is strategically more or less forced, otherwise Black with
his ^^ solves his opening problems.} (11. Nf3 f6 $5 $132 {/3}) (11. O-O-O Ng7
12. Nf3 Qa5 $15) 11... gxh5 12. O-O-O f6 (12... Qa5 $5 13. Nge2 (13. e4 dxe4 (
13... d4 14. Rxd4 Qxe5 15. Nf3 Qg7 $13) 14. Qxe4 Bd7 {/\0-0-0~~}) 13... Be6 14.
Nd4 (14. e4 O-O-O 15. exd5 Bxd5 16. Nxd5 Rxd5 $132) 14... O-O-O 15. f4 Kb8 16.
Kb1 $13 {/2}) 13. e4 $5 $146 {[%csl Re8][%mdl 72] A logical novelty. White
must try to use his lead in development to create tactical threats against the
potentially vulnerable black c.} ({An example of how insufficiently concrete
play can lead to problems is} 13. Nf3 $143 fxe5 14. Nxe5 O-O 15. f4 Bd6 16. Nf3
Bf5 17. Qd2 Qf6 18. e4 dxe4 19. Qxd6 exf3 20. Qxf6 Rxf6 21. gxf3 Bg6 22. Ne2
Re8 23. Rd2 Re3 $17 {Grischuk,A (2728)-Aronian,L (2737)/Kazan Candidates rpd/
2011/}) 13... d4 $8 (13... fxe5 14. exd5 $16) 14. exf6 Bxf6 15. Nf3 (15. Nge2
O-O 16. f4 Bg7 $132 {~~}) 15... Bg4 16. Ne2 Qa5 ({A possible improvement is} 
16... c5 $5 17. h3 (17. Kb1 Qd6 $13) 17... Be6 $5 (17... Bxf3 18. gxf3 Qc7 19.
f4 O-O-O 20. e5 Bh4 $14 {/~~ also isn't quite clear, as it's not simple to get
White's [+] moving}) 18. Kb1 Qa5 19. b3 Qb6 20. Nf4 O-O 21. Nxh5 a5 $132) 17.
Kb1 c5 (17... O-O-O $5 18. Nexd4 Bxd4 (18... Kb8 19. h3 $14) 19. Rxd4 Bxf3 20.
Rxd8+ Rxd8 21. gxf3 Rd2 22. Qb3 Qe5 $44) 18. Nf4 O-O {This is risky to say the
least, but White has the initiative also after} (18... O-O-O 19. Nd5 Rhf8 20.
b4 $14) 19. h3 Bd7 (19... Bxf3 20. gxf3 Kh8 21. Ne6 $16) 20. Nxh5 Rae8 21. Nd2
$5 Bh4 $2 (21... Bh8 $142 $1 $14 {/\} 22. Qb3+ Be6 (22... c4 $5) 23. Qg3+ Kf7
$132) 22. f4 $16 {[%csl Rg8][%mdl 128] Black's problem is not so much White's
extra P, but his exposed c. So will soon whip up a strong ->.} c4 (22... Be6
23. Nb3 $16) 23. g4 d3 24. Qc1 $1 (24. Qxc4+ $2 Be6 25. Nb3 Qxa2+ 26. Kxa2 Bxc4
$17) 24... b5 25. f5 $40 Kh8 $6 (25... Bg5 26. Nxc4 $1 {/\} d2 27. Qxd2 $18) (
25... Qd8 26. Qc3 $16 (26. Nxc4 $5 bxc4 27. Qxc4+ $36)) ({After the text-move
White wins almost by force. More resilient, but hardly sufficient is} 25... Qc7
$142 $5 26. g5 $5 (26. Nf3 Bd8 27. Qh6 Bc6 $14) (26. Rhg1 Bg5 27. Qc3 Bc6 28.
Nf3 $16) 26... b4 27. Nf6+ Rxf6 28. gxf6 c3 29. Rdg1+ $16) 26. Nf3 Bd8 27. Qh6
Rf7 28. f6 Rg8 29. Ne5 $18 (29. Ng5 Rxg5 30. Qxg5 $18) 29... Be6 (29... Be8 30.
g5 $5 (30. Ng7 $2 Rxf6 31. Nxe8 Rxe8 $132) 30... Qc7 31. g6 Qxe5 32. gxf7 Bxf7
33. Rhg1 {[%cal Rg1g7]} Bg6 34. Rxg6 Rxg6 35. f7 $18) 30. Nf4 (30. Ng7 $1 {
[%cal Re5g6] /\Ng6#} Rxf6 (30... Rgxg7 31. fxg7+ Rxg7 32. Qxe6 $18) 31. Nxe6
$18 {leads to the same final position.}) 30... Rxf6 (30... b4 $142 $5 31. Nxf7+
(31. Neg6+ Rxg6 32. Nxg6+ Kg8 33. Ne7+ Bxe7 34. fxe7 Rxe7 35. Rhf1 $16) 31...
Bxf7 $16) 31. Nxe6 $1 {[%cal Rh6f6] /\Lf6} (31. Nxe6 Rxh6 32. Nf7#) 1-0

[Event "NOR-ch"]
[Site "Norway"]
[Date "1996.??.??"]
[Round "4"]
[White "Tisdall, Jonathan D"]
[Black "Madsen, Dag"]
[Result "1-0"]
[WhiteElo "2515"]
[BlackElo "2325"]
[Annotator "Tisdall,J"]
[PlyCount "59"]
[EventDate "1996.??.??"]
[EventType "swiss"]
[EventRounds "9"]
[EventCountry "NOR"]
[SourceTitle "EXT 1997"]
[Source "ChessBase"]
[SourceDate "1996.11.15"]
[SourceVersion "1"]
[SourceVersionDate "1996.11.15"]
[SourceQuality "1"]

1. d4 d5 2. c4 c6 3. Nc3 e6 4. e4 Bb4 $5 {A new way to avoid the messy theory
of the Geller Gambit:} (4... dxe4 5. Nxe4 Bb4+ 6. Bd2 Qxd4 7. Bxb4 Qxe4+) 5. e5
Ne7 (5... c5 $5) 6. Nf3 Nd7 7. cxd5 Nxd5 8. Bd2 Be7 $1 {A clever move,
vacating the b4 square for the knight on d5.} 9. Bd3 $5 (9. Nxd5 exd5 10. Bd3
Nf8 11. h3 Ne6 {is better for black than I thought - so perhaps I was right
not to take on d5. Nevertheless, the game becomes very complicated now.}) 9...
Nb4 10. Be4 b6 $5 (10... c5 11. O-O cxd4 12. Nb5 {is risky for black -
although he damages the white center somewhat, he is dangerously behind in
development.}) 11. a3 Nd5 12. O-O a5 $5 13. Rc1 Ba6 14. Re1 O-O $2 {This
natural move is a grave error. After} (14... g5 $1 {The position is completely
unclear. I intended} 15. Kh1 (15. h3 h5 16. Nh2 {is possible.}) 15... g4 16.
Ng1 h5 {and now} 17. Bb1 $1 {is best. Not} (17. f3 Bh4 $1 18. g3 Bxg3 $1 19.
hxg3 h4 {and black whips up a mating attack since he controls the e2 and f1
squares!})) 15. Bb1 $1 {Now white's attack plays itself.} Rc8 16. Qc2 g6 17.
Qe4 Re8 18. Qg4 Nf8 19. Ne4 Rc7 {[#]} 20. h4 $1 {This pawn will break up
black's kingside.} f5 (20... h5 {gives white the pleasant choice between} 21.
Qh3 {intending g2-g4, or} (21. Qg3 {intending} Kg7 22. Bg5 Nh7 23. Nd6 Rh8 24.
Bh6+ $1)) 21. exf6 Nxf6 22. Nxf6+ Bxf6 23. h5 Ree7 24. Bh6 $1 {White delays
capturing on g6, which would complicate his task by giving black the h7 square.
} Qe8 25. Ne5 $1 Bg7 26. hxg6 Nxg6 (26... Bxh6 27. gxh7+ {and mate on g8.}) 27.
Nxg6 (27. Bxg6 hxg6 28. Bg5 {was very good, but not the most efficient.}) 27...
hxg6 {[#]} (27... Bxh6 28. Nxe7+ Kh8 29. Qxe6 Bxc1 30. Qf6#) 28. Bg5 $1 Red7
29. Rxe6 Qf8 30. Ba2 (30. Ba2 Kh7 31. Rc3) 1-0

[Event "Dos Hermanas-A"]
[Site "Dos Hermanas"]
[Date "2003.04.04"]
[Round "8"]
[White "Rustemov, Alexander"]
[Black "Vallejo Pons, Francisco"]
[Result "1-0"]
[WhiteElo "2591"]
[BlackElo "2645"]
[Annotator "Tiviakov,S"]
[PlyCount "80"]
[EventDate "2003.03.28"]
[EventType "tourn"]
[EventRounds "9"]
[EventCountry "ESP"]
[EventCategory "16"]
[SourceTitle "EXT 2005"]
[Source "ChessBase"]
[SourceDate "2004.11.15"]
[SourceVersion "1"]
[SourceVersionDate "2004.11.15"]
[SourceQuality "1"]

{[This game from the 8th round of the tournament allowed Rustemov to take the
clear lead in the tournament. The game is nice, but for the commentator it is
not an easy task on a short notice to try to understand all the hidden points
of this sharp game. Luckily, nowadays we have Fritz!]} 1. d4 d5 2. c4 e6 3. Nc3
Be7 4. cxd5 exd5 5. Bf4 c6 6. e3 Bf5 7. g4 $1 {[Being half a point behind the
leader (Vallejo) Rustemov needed to win that game. It explains the choice of
the sharp line with 7.g4.]} Be6 8. Bd3 Nd7 9. h3 g5 $5 $146 {[Lot of different
moves have been made here before, but not this one. Actually, the novelties
with g2-g4 or g7-g5 has become the speciallity of Vallejo, who has strongly
surprised Khalifman by his g2-g4 in a well-know positions some rounds before.]}
10. Bg3 h5 {[All play looks anti-positional, but it is modern chess, very
often chess principles are being replaced by the concrete play.]} 11. f3 ({If} 
11. gxh5 {then} Ngf6 {, although after} 12. Be2 {White keeps his extra pawn.
Obviously Vallejo had something in mind.}) 11... Qb6 12. Rb1 c5 $6 ({Too
optimistic. Black is trying to open the position, still not finishing
development of his pieces and not castling. I would have played simple} 12...
Ngf6) ({or} 12... hxg4 13. fxg4 Ngf6 (13... Nh6)) 13. Kf1 hxg4 14. fxg4 Nh6 ({
Played in conjuction with the following plan, otherwise this move makes no
sense. After} 14... cxd4 15. exd4 Qxd4 16. Nb5 Qf6+ 17. Kg2 {White has a
strong compensation for the pawn.}) 15. Kg2 f5 16. Qf3 fxg4 17. hxg4 Nf6 $6 (
17... Bxg4 {was, probably, better since after} 18. Qxg4 $5 (18. Qxd5 O-O-O $13
{is unclear}) 18... Nxg4 19. Rxh8+ Bf8 20. Nxd5 Qc6 21. e4 $44 {the position
is very unclear. After the text White gets the advantage.}) 18. Be5 $1 Kf7 $2 (
{A losing move. Although after the correct} 18... Bxg4 19. Qg3 {White is still
better}) 19. Bxf6 Bxf6 20. Nxd5 Bxg4 21. Qg3 $1 (21. Qxf6+ Qxf6 22. Nxf6 Kxf6
23. Rf1+ Ke7 24. dxc5 {wins the pawn, but White is after something much more
serious.}) 21... Qc6 22. e4 Be6 (22... Bxd4 {loses after} 23. Rf1+ Kg7 24. Rxh6
Rxh6 ({or} 24... Qxh6 $4 25. Qc7+) 25. Qxg4 Rah8 26. Nh3 $1 Rxh3 27. Qxg5+ Qg6
28. Qxg6+ Kxg6 29. Nf4+) 23. Nxf6 Nf5 ({Finding the last resources, eventually
Black almost succeeds in saving the game. Vallejo is a very lucky player, one
has to be very careful with him until the very last moment of the game.} 23...
Kxf6 24. Rf1+ Kg6 25. d5 {loses a piece.}) 24. Rxh8 $6 (24. Qxg5 {could have
won very easily after} Rag8 25. Rh7+ Rxh7 26. Qxg8+ Kxf6 27. Qxh7) 24... Nxg3
25. Rxa8 Nf5 26. d5 Nh4+ 27. Kh1 Qd6 28. Rf1 $2 ({The computer tells us that} 
28. dxe6+ Kxf6 29. e5+ Qxe5 ({or} 29... Kxe5 30. Re1+ Kf6 31. e7) 30. Rf1+ Ke7
31. Rf7+ Kxe6 (31... Kd6 32. Rd8+ Kc6 33. e7) 32. Re8+ {was the easiest way to
win.}) 28... Bf5 $5 29. e5 $2 ({Another mistake, probably, in time-trouble.
Better was} 29. Nh5 Qh6 30. Be2 $18) 29... Qxe5 30. Rf8+ Kg7 31. Bxf5 Nxf5 {
[Suddenly almost all White pieces are hanging, luckily for Rustemov he still
finds the way out.]} 32. Rf3 Qxb2 33. Rxf5 (33. Nd7 Nh4 34. R8f7+ Kg8 35. Rf2 {
could have been the better option than the text.}) 33... Kxf8 34. d6 Qd4 (34...
Qxa2 {(or 34...c4) lose to} 35. Rxc5 $18) ({But after} 34... b6 35. d7 Ke7 36.
Rd5 Kd8 {it is still very difficult for White to win. The only way to play is}
37. Rd6 Qb5 38. Nh7 Qxd7 39. Rxd7+ Kxd7 40. Nxg5 {while the question still
remains whether Black will be able to exchange the pawn a2. Although White
should win it is not an easy task when you have only 1 hour to finish the game
with no seconds added after each move.}) 35. Nf3 (35. d7 Ke7 36. Rd5 Qxd5+ 37.
Nxd5+ Kxd7 {is similar to the line with 34...b6, although here Black has an
extra pawn on g5.}) 35... Qd1+ 36. Ng1 c4 $4 ({After} 36... Qd4 {White has
nothing better than to play 37.d7 and try to win the 2 knights + 1 pawn versus
4 pawns ending.}) 37. Rd5 Qxd5+ 38. Nxd5 Kf7 (38... Ke8 {was better}) 39. Nc7
$6 (39. d7 {promotes the pawn immediately.}) 39... c3 40. Ne2 c2 {[White
easily wins bringing the king into play.]} 1-0